LIBRARY & INFORMATION CENTRE, KCAET, TAVANUR

ONLINE PUBLIC ACCESS CATALOGUE (OPAC)

Mansion / (Record no. 4157)

MARC details
000 -LEADER
fixed length control field 00402cam a2200169ua 4500
041 ## - LANGUAGE CODE
Language code of text/sound track or separate title eng
082 ## - DEWEY DECIMAL CLASSIFICATION NUMBER
Classification number 823.308
Item number FAU/WI
100 ## - MAIN ENTRY--AUTHOR NAME
Personal name Faulknen, William .
245 ## - TITLE STATEMENT
Title Mansion /
260 ## - PUBLICATION, DISTRIBUTION, ETC. (IMPRINT)
Place of publication London :
Name of publisher Chatto and Windus ,
Year of publication 1965.
300 ## - PHYSICAL DESCRIPTION
Number of Pages 399 ; .
942 ## - ADDED ENTRY ELEMENTS (KOHA)
Koha item type Books
Holdings
Withdrawn status Lost status Damaged status Home library Current library Date acquired Full call number Accession Number Koha item type
      KAUAET KAUAET 07/04/2012 823.308 10465 Books
free website counter